Normal view MARC view

Entry Personal Name

Number of records used in: 1

001 - CONTROL NUMBER

  • control field: 9996

003 - CONTROL NUMBER IDENTIFIER

  • control field: DLC

005 - DATE AND TIME OF LATEST TRANSACTION

  • control field: 20231204133211.0

008 - FIXED-LENGTH DATA ELEMENTS

  • fixed length control field: 060804n| acannaabn |a aaa

010 ## - LIBRARY OF CONGRESS CONTROL NUMBER

  • LC control number: n 2006060260

040 ## - CATALOGING SOURCE

  • Original cataloging agency: DLC
  • Language of cataloging: eng
  • Transcribing agency: DLC
  • Modifying agency: DLC

100 1# - HEADING--PERSONAL NAME

  • Personal name: Ghosh, Durba,
  • Dates associated with a name: 1967-

400 0# - SEE FROM TRACING--PERSONAL NAME

  • Personal name: Durba Ghosh,
  • Dates associated with a name: 1967-

670 ## - SOURCE DATA FOUND

  • Source citation: Ghosh, Durba. Sex and the family in colonial India, 2006:
  • Information found: CIP t.p. (Durba Ghosh) data sheet (Assistant Professor, Department of History, Cornell University, b. Jan. 17, 1967)

Powered by Koha